000 00823cab a2200253 4500
001 WB2913-39
008 090401t1993 xxu||||| |||| 00| 0 eng d
035 _a(Sirsi) u40690
041 _aeng
100 _aSutton, T.
245 _aGovernment lease inquiry
260 _c1993
350 _a0
490 _aEstates Times
_v(1182) 26 March 1993, 1(1)
520 _aAn inquiry into approximately 100 leasehold transactions involving Property Holdings has been launched by the National Audit Office. It is expected to examine the deal for Citygate House in Winchester.
650 _aLEASES
650 _aMARKET VALUES
650 _aNATIONAL AUDIT OFFICE
650 _aPROPERTY HOLDINGS
650 _aPSA
690 _aMANAGEMENT-BUSINESS MANAGEMENT-PROFESSIONAL PRACTICE
942 _n0
948 _c04/03/1997
999 _c26075
_d26075